| 000 | 00919nam a2200265 a 4500 | ||
|---|---|---|---|
| 003 | CO-ViMGA | ||
| 005 | 20230915225023.0 | ||
| 008 | 130828s2013 ck a gr 00010bspa d | ||
| 020 | _a9788403013216 | ||
| 040 |
_aCO-ViMGA _bspa _cCO-ViMGA |
||
| 041 | 0 | _heng | |
| 043 | _ae-fr--- | ||
| 082 | 0 | 4 |
_a920.72 _bC41v _221 |
| 100 | 1 |
_aVaughan, Hal, _d1928-. _9249 |
|
| 245 | 1 | 0 |
_aLa guerra secreta de Coco Chanel : _bel pasado nazi de uno de los mitos de la alta costura / |
| 260 |
_aBogotá : _bAguilar, _c2013. |
||
| 300 |
_a344 p. : _bil. ; _c24 cm. |
||
| 504 | _aIncluye bibliografías. | ||
| 534 |
_pTítulo original : _tSleeping with the enemy. Coco Chanel's secret war. |
||
| 600 | 1 | 4 |
_aChanel, Coco, _d1883-1971 _v Biografías. _9250 |
| 650 | 1 | 4 |
_aModa _x Historia _z Francia. _9252 |
| 650 | 1 | 4 |
_aDiseñadores de moda _vBiografías. _9251 |
| 700 | 1 |
_aPradilla Canet, Victoria, _etr. _9253 |
|
| 942 |
_2ddc _cBK |
||
| 999 |
_c11986 _d11986 |
||